| 000 | 00441nam a2200169 a 4500 | ||
|---|---|---|---|
| 020 | _a0750617403 (pbk.) | ||
| 020 | _a9780750639170 | ||
| 082 | 0 | 0 |
_a620.11 _bBOL/EN |
| 100 | 1 | _aBolton, W. | |
| 245 | 1 | 0 | _aEngineering materials technology / |
| 250 | _a2nd ed. | ||
| 260 |
_aOxford [England] : _bNewnes, _bButterworth-Heinemann _c2001 |
||
| 300 |
_axii, 548 p. : _bill. ; |
||
| 500 | _aIncludes index. | ||
| 650 | 0 | _aMaterials. | |
| 942 | _cBK | ||
| 999 |
_c13733 _d13733 |
||